<?xml version="1.0" encoding="UTF-8"?>
<marc:record xmlns:marc="http://www.loc.gov/MARC21/slim">
   <marc:leader>00000nam a2200000 a 4500</marc:leader>
   <marc:datafield ind1="1" ind2=" " tag="100">
      <marc:subfield code="a">Monaldi, Rita</marc:subfield>
      <marc:subfield code="4">aut</marc:subfield>
      <marc:subfield code="e">Verfasser/-in</marc:subfield>
   </marc:datafield>
   <marc:datafield ind1="1" ind2=" " tag="100">
      <marc:subfield code="a">Sorti, Francesco</marc:subfield>
      <marc:subfield code="4">aut</marc:subfield>
      <marc:subfield code="e">Verfasser/-in</marc:subfield>
   </marc:datafield>
   <marc:datafield ind1="1" ind2=" " tag="100">
      <marc:subfield code="a">Kopetzki, Annette</marc:subfield>
      <marc:subfield code="4">trl</marc:subfield>
      <marc:subfield code="e">Übersetzer/-in</marc:subfield>
   </marc:datafield>
   <marc:datafield ind1="0" ind2="0" tag="245">
      <marc:subfield code="a">Das Mysterium der Zeit</marc:subfield>
   </marc:datafield>
   <marc:datafield ind1="0" ind2="0" tag="245">
      <marc:subfield code="b">die Möbius-Tetralogie Geschichten mit zwei Gesichtern ; der Roman Verschleierung ist das andere Gesicht der Geschichte</marc:subfield>
   </marc:datafield>
   <marc:datafield ind1="0" ind2="0" tag="245">
      <marc:subfield code="c">Monaldi &amp; Sorti. Aus dem Ital. übers. von Annette Kopetzki</marc:subfield>
   </marc:datafield>
   <marc:datafield ind1=" " ind2="1" tag="264">
      <marc:subfield code="a">Berlin</marc:subfield>
      <marc:subfield code="b">Aufbau</marc:subfield>
      <marc:subfield code="c">2011</marc:subfield>
   </marc:datafield>
   <marc:datafield ind1=" " ind2=" " tag="250">
      <marc:subfield code="a">1. Aufl.</marc:subfield>
   </marc:datafield>
   <marc:datafield ind1="1" ind2=" " tag="520">
      <marc:subfield code="a">Angaben aus der Verlagsmeldung

Das Mysterium der Zeit : Roman / von Rita Monaldi, Francesco Sorti

Literarischer Hochgenuss und brisante Enthüllung - das Erfolgsrezept à la Monaldi &amp; Sorti. Ein höchst unterhaltsamer Abenteuerroman und brillanter literarischer Krimi, der die Antike als größtes Ammenmärchen der Geschichte entlarvt.

November 1646. Ein sonderbares Grüppchen von Kastraten, Gelehrten und Korsaren rettet sich nach einem Schiffbruch auf die Insel Gorgona im Toskanischen Meer. Der Fund einer lateinische Handschrift versetzt dort die Gelehrten in helle Aufregung, prangert sie doch bedeutende Werke der Klassik als lächerliche Fälschungen an. Wie der Rasende Roland und seine Ritter im verzauberten Schloss des Adalante irren unsere Schiffbrüchigen nun über das gottverlassene Eiland, die einen auf der Jagd nach Wildkatzen und Fledermäusen, um ihre leeren Mägen zu füllen, die anderen besessen von der Aussicht auf weiterer Manuskriptfunde, die sich auch prompt einstellen – und Unerhörtes offenbaren.
</marc:subfield>
   </marc:datafield>
   <marc:datafield ind1=" " ind2=" " tag="020">
      <marc:subfield code="a">9783351033736</marc:subfield>
      <marc:subfield code="9">9783351033736</marc:subfield>
   </marc:datafield>
   <marc:datafield ind1=" " ind2=" " tag="020">
      <marc:subfield code="a">3351033737</marc:subfield>
      <marc:subfield code="9">3351033737</marc:subfield>
   </marc:datafield>
   <marc:datafield ind1=" " ind2=" " tag="041">
      <marc:subfield code="a">ger</marc:subfield>
   </marc:datafield>
   <marc:datafield ind1=" " ind2=" " tag="300">
      <marc:subfield code="a">859 S.</marc:subfield>
   </marc:datafield>
</marc:record>
